Loading...
| Current Events | 1 | 10.00 | 100% | 0% | 0% |
| Fine Arts - Auditory Fine Arts | 3 | 13.33 | 100% | 33% | 0% |
| Fine Arts - Other Fine Arts | 5 | 16.00 | 80% | 60% | 20% |
| Fine Arts - Visual Fine Arts | 4 | 15.00 | 100% | 50% | 0% |
| Geography | 1 | 10.00 | 100% | 0% | 0% |
| History - American History | 4 | 12.50 | 100% | 25% | 0% |
| History - European History | 5 | 16.00 | 100% | 40% | 20% |
| History - Other History | 4 | 15.00 | 100% | 50% | 0% |
| History - World History | 2 | 20.00 | 100% | 100% | 0% |
| Literature - American Literature | 1 | 20.00 | 100% | 100% | 0% |
| Literature - British Literature | 4 | 15.00 | 100% | 50% | 0% |
| Literature - European Literature | 3 | 16.67 | 100% | 67% | 0% |
| Literature - World Literature | 3 | 13.33 | 100% | 0% | 33% |
| Mythology | 2 | 15.00 | 100% | 50% | 0% |
| Other Academic | 1 | 20.00 | 100% | 100% | 0% |
| Philosophy | 3 | 13.33 | 100% | 33% | 0% |
| Religion | 3 | 20.00 | 100% | 100% | 0% |
| Science - Biology | 6 | 15.00 | 83% | 50% | 17% |
| Science - Chemistry | 5 | 8.00 | 80% | 0% | 0% |
| Science - Other Science | 4 | 7.50 | 50% | 25% | 0% |
| Science - Physics | 3 | 10.00 | 100% | 0% | 0% |
| Social Science | 7 | 12.86 | 100% | 14% | 14% |